<?xml version="1.0" encoding="UTF-8"?>
<record
    xmlns:xsi="http://www.w3.org/2001/XMLSchema-instance"
    xsi:schemaLocation="http://www.loc.gov/MARC21/slim http://www.loc.gov/standards/marcxml/schema/MARC21slim.xsd"
    xmlns="http://www.loc.gov/MARC21/slim">

  <leader>02222nam0a22003731  4500</leader>
  <controlfield tag="001">v19\rc\1617512</controlfield>
  <controlfield tag="005">20250618225544.0</controlfield>
  <datafield tag="035" ind1=" " ind2=" ">
    <subfield code="a">(NLR Aleph) 004735667</subfield>
  </datafield>
  <datafield tag="090" ind1=" " ind2=" ">
    <subfield code="a">4469422</subfield>
    <subfield code="c">4469422</subfield>
  </datafield>
  <datafield tag="100" ind1=" " ind2=" ">
    <subfield code="a">20061002e18981897|||y0rusy50      ca</subfield>
  </datafield>
  <datafield tag="101" ind1="1" ind2=" ">
    <subfield code="a">rus</subfield>
    <subfield code="c">ger</subfield>
  </datafield>
  <datafield tag="102" ind1=" " ind2=" ">
    <subfield code="a">RU</subfield>
  </datafield>
  <datafield tag="105" ind1=" " ind2=" ">
    <subfield code="a">y   z   |||||</subfield>
  </datafield>
  <datafield tag="200" ind1="1" ind2=" ">
    <subfield code="a">&#x417;&#x430;&#x431;&#x43E;&#x43B;&#x435;&#x432;&#x430;&#x43D;&#x438;&#x44F; &#x43C;&#x43E;&#x437;&#x433;&#x430;, &#x43C;&#x43E;&#x437;&#x433;&#x43E;&#x432;&#x44B;&#x445; &#x43E;&#x431;&#x43E;&#x43B;&#x43E;&#x447;&#x435;&#x43A; &#x438; &#x432;&#x435;&#x43D;&#x43E;&#x437;&#x43D;&#x44B;&#x445; &#x43F;&#x430;&#x437;&#x443;&#x445; &#x443;&#x448;&#x43D;&#x43E;&#x433;&#x43E; &#x43F;&#x440;&#x43E;&#x438;&#x441;&#x445;&#x43E;&#x436;&#x434;&#x435;&#x43D;&#x438;&#x44F;</subfield>
    <subfield code="e">(D-r Otto K&#xF6;rner, Die otitischen Erkrankungen des Hirns, der Hirnh&#xE4;ute und der Blutleiter. Mit einem Vorwort von Ernst von-Bergmann. 2., gr&#xF6;stentheils umgearbeitete Auflage. 1896)</subfield>
    <subfield code="f">D-r Otto Korner, &#x44D;.-&#x43E;. &#x43F;&#x440;&#x43E;&#x444;. &#x438; &#x434;&#x438;&#x440;. &#x41F;&#x43E;&#x43B;&#x438;&#x43A;&#x43B;&#x438;&#x43D;&#x438;&#x43A;&#x438; &#x431;&#x43E;&#x43B;&#x435;&#x437;&#x43D;&#x435;&#x439; &#x443;&#x448;&#x435;&#x439; &#x438; &#x433;&#x43E;&#x440;&#x442;&#x430;&#x43D;&#x438; &#x432; &#x420;&#x43E;&#x441;&#x442;&#x43E;&#x43A;&#x435;</subfield>
    <subfield code="g">&#x421; &#x43F;&#x440;&#x435;&#x434;&#x438;&#x441;&#x43B;. &#x43F;&#x440;&#x43E;&#x444;. &#x42D;&#x440;&#x43D;&#x441;&#x442;&#x430; &#x444;&#x43E;&#x43D;-&#x411;&#x435;&#x440;&#x433;&#x43C;&#x430;&#x43D;&#x430;</subfield>
    <subfield code="g">&#x41F;&#x435;&#x440;. &#x441; 2-&#x433;&#x43E; &#x43D;&#x435;&#x43C;. &#x438;&#x437;&#x434;. &#x434;-&#x440;&#x430; &#x43C;&#x435;&#x434;. &#x410;.&#x420;. &#x418;&#x43B;&#x44C;&#x438;&#x448;&#x430;</subfield>
  </datafield>
  <datafield tag="210" ind1=" " ind2=" ">
    <subfield code="a">&#x421;&#x430;&#x43D;&#x43A;&#x442;-&#x41F;&#x435;&#x442;&#x435;&#x440;&#x431;&#x443;&#x440;&#x433;</subfield>
    <subfield code="c">&#x436;&#x443;&#x440;&#x43D;. "&#x41F;&#x440;&#x430;&#x43A;&#x442;. &#x43C;&#x435;&#x434;&#x438;&#x446;&#x438;&#x43D;&#x430;" (&#x412;.&#x421;. &#x42D;&#x442;&#x442;&#x438;&#x43D;&#x433;&#x435;&#x440;)</subfield>
    <subfield code="d">1898</subfield>
  </datafield>
  <datafield tag="215" ind1=" " ind2=" ">
    <subfield code="a">VIII, 140 &#x441;.</subfield>
    <subfield code="d">24</subfield>
  </datafield>
  <datafield tag="311" ind1=" " ind2=" ">
    <subfield code="a">&#x41E;&#x442;&#x442;. &#x438;&#x437; &#x436;&#x443;&#x440;&#x43D;. "&#x41F;&#x440;&#x430;&#x43A;&#x442;. &#x43C;&#x435;&#x434;&#x438;&#x446;&#x438;&#x43D;&#x430;". 1897, &#x2116; 11-12</subfield>
  </datafield>
  <datafield tag="320" ind1=" " ind2=" ">
    <subfield code="a">&#x411;&#x438;&#x431;&#x43B;&#x438;&#x43E;&#x433;&#x440;. &#x432; &#x43F;&#x440;&#x438;&#x43C;&#x435;&#x447;.</subfield>
  </datafield>
  <datafield tag="454" ind1=" " ind2="0">
    <subfield code="1">2001#$aDie otitischen Erkrankungen des Hirns, der Hirnh&#xE4;ute und der Blutleiter$fMit einem Vorwort von Ernst von-Bergmann</subfield>
    <subfield code="1">205##$a2., gr&#xF6;stentheils umgearbeitete Auflage</subfield>
    <subfield code="1">210##$d1896</subfield>
    <subfield code="1">700#1$aK&#xF6;rner$bO.$gOtto</subfield>
    <subfield code="t">Die otitischen Erkrankungen des Hirns, der Hirnh&#xE4;ute und der Blutleiter</subfield>
    <subfield code="a">K&#xF6;rner, Otto</subfield>
  </datafield>
  <datafield tag="488" ind1=" " ind2="0">
    <subfield code="1">2001#$a&#x41F;&#x440;&#x430;&#x43A;&#x442;&#x438;&#x447;&#x435;&#x441;&#x43A;&#x430;&#x44F; &#x43C;&#x435;&#x434;&#x438;&#x446;&#x438;&#x43D;&#x430;$v1897, &#x2116; 11-12</subfield>
    <subfield code="t">&#x41F;&#x440;&#x430;&#x43A;&#x442;&#x438;&#x447;&#x435;&#x441;&#x43A;&#x430;&#x44F; &#x43C;&#x435;&#x434;&#x438;&#x446;&#x438;&#x43D;&#x430;</subfield>
  </datafield>
  <datafield tag="700" ind1=" " ind2="1">
    <subfield code="a">&#x41A;&#x435;&#x440;&#x43D;&#x435;&#x440;</subfield>
    <subfield code="b">&#x41E;.</subfield>
    <subfield code="g">&#x41E;&#x442;&#x442;&#x43E;</subfield>
  </datafield>
  <datafield tag="702" ind1=" " ind2="1">
    <subfield code="a">&#x418;&#x43B;&#x44C;&#x438;&#x448;</subfield>
    <subfield code="b">&#x410;. &#x420;.</subfield>
    <subfield code="g">&#x410;&#x43B;&#x435;&#x43A;&#x441;&#x430;&#x43D;&#x434;&#x440; &#x420;&#x43E;&#x431;&#x435;&#x440;&#x442;&#x43E;&#x432;&#x438;&#x447;</subfield>
    <subfield code="4">730</subfield>
  </datafield>
  <datafield tag="702" ind1=" " ind2="1">
    <subfield code="4">080</subfield>
    <subfield code="7">ca</subfield>
    <subfield code="8">rus</subfield>
    <subfield code="a">&#x411;&#x435;&#x440;&#x433;&#x43C;&#x430;&#x43D;&#x43D;</subfield>
    <subfield code="b">&#x42D;. &#x444;&#x43E;&#x43D;</subfield>
    <subfield code="c">&#x445;&#x438;&#x440;&#x443;&#x440;&#x433;</subfield>
    <subfield code="f">1836-1907</subfield>
    <subfield code="g">&#x42D;&#x440;&#x43D;&#x441;&#x442; &#x444;&#x43E;&#x43D;</subfield>
    <subfield code="9">243414</subfield>
    <subfield code="3">RU\NLR\AUTH\770243470</subfield>
  </datafield>
  <datafield tag="801" ind1=" " ind2="0">
    <subfield code="a">RU</subfield>
    <subfield code="b">NLR</subfield>
    <subfield code="g">psbo</subfield>
  </datafield>
  <datafield tag="801" ind1=" " ind2="0">
    <subfield code="a">RU</subfield>
    <subfield code="b">RuMoRGB</subfield>
    <subfield code="2">psbo</subfield>
  </datafield>
  <datafield tag="801" ind1=" " ind2="1">
    <subfield code="a">RU</subfield>
    <subfield code="b">ProSoft-M</subfield>
    <subfield code="2">rusmarc</subfield>
  </datafield>
  <datafield tag="852" ind1=" " ind2=" ">
    <subfield code="a">NLR</subfield>
    <subfield code="j">20.102.6.18</subfield>
  </datafield>
  <datafield tag="852" ind1=" " ind2=" ">
    <subfield code="a">NLR</subfield>
    <subfield code="j">132/4879</subfield>
  </datafield>
  <datafield tag="899" ind1=" " ind2=" ">
    <subfield code="a">RuMoRGB</subfield>
    <subfield code="j">G 49/215</subfield>
  </datafield>
  <datafield tag="899" ind1=" " ind2=" ">
    <subfield code="a">RuMoRGB</subfield>
    <subfield code="j">&#x41F;&#x440;&#x438;&#x43F;&#x43B;&#x435;&#x442; &#x43A; U 406/2</subfield>
  </datafield>
  <datafield tag="899" ind1=" " ind2=" ">
    <subfield code="a">&#x411;&#x410;&#x41D;</subfield>
  </datafield>
  <datafield tag="942" ind1=" " ind2=" ">
    <subfield code="c">BOOK</subfield>
  </datafield>
  <datafield tag="980" ind1=" " ind2=" ">
    <subfield code="a">NB</subfield>
  </datafield>
  <datafield tag="995" ind1=" " ind2=" ">
    <subfield code="5">2013-10-26</subfield>
    <subfield code="b">NLR02</subfield>
    <subfield code="c">NLR02</subfield>
    <subfield code="e">RFS</subfield>
    <subfield code="f">4735667-10</subfield>
    <subfield code="k">20.102.6.18</subfield>
    <subfield code="o">0</subfield>
    <subfield code="r">BOOK</subfield>
    <subfield code="s">20102618_</subfield>
  </datafield>
  <datafield tag="995" ind1=" " ind2=" ">
    <subfield code="5">2013-10-26</subfield>
    <subfield code="b">NLR02</subfield>
    <subfield code="c">NLR02</subfield>
    <subfield code="e">RFS</subfield>
    <subfield code="f">4735667-20</subfield>
    <subfield code="k">132/4879</subfield>
    <subfield code="o">0</subfield>
    <subfield code="r">BOOK</subfield>
    <subfield code="s">1324879_</subfield>
  </datafield>
  <datafield tag="995" ind1=" " ind2=" ">
    <subfield code="5">2013-10-26</subfield>
    <subfield code="b">NLR01</subfield>
    <subfield code="c">NLR01</subfield>
    <subfield code="e">TEMP</subfield>
    <subfield code="f">4735667-50</subfield>
    <subfield code="o">0</subfield>
    <subfield code="r">BOOK</subfield>
  </datafield>
</record>
